| 000 | 00821nam a2200229Ia 4500 | ||
|---|---|---|---|
| 001 | 16964 | ||
| 003 | GE_BSU | ||
| 008 | 181216s||||||||xx |||||||||||||| ||und|| | ||
| 040 | _cGE_BSU | ||
| 080 | _a94(680) + 821.353.1-94 | ||
| 100 | _aბაგრატიონი, ნიკო | ||
| 245 | _aბურებთან : მოგონება | ||
| 245 | _cწინასიტყვ. ავტ.: თ. პატარაია | ||
| 260 | _aთბილისი | ||
| 260 | _bსაქ. თეატრის მოღვაწეთა კავშირი | ||
| 260 | _c1990 | ||
| 300 | _a138 გვ. : 4 ფ. ილ. ; 16 სმ | ||
| 653 | _aბურებთან | ||
| 653 | _aმოგონება | ||
| 653 | _aსამხრეთ აფრიკის ისტორია | ||
| 942 | _cBK | ||
| 999 |
_c50026 _d50026 |
||